00900nam a2200229 a 450000100100000000500170001000800410002704000250006808200170009310000330011024500980014326000390024130000210028050000420030165000530034365000520039665000390044870000360048704900090052395201210053299900170065300001913920200929165931.0100527s1944 ag 000 0 spa d aDO-SdBNPbspacBNPHU a850.9bS212h1 aSanctis, Francisco de94117610aHistoria de la literatura italiana /cFrancisco de Sanctis ; traducción Ambrocio J. Vecino. aBuenos Aires :bAmericalee,c1944. a705 p. ;c24 cm. aIncluye notas al pie de la páginas. 4aLiteratura italianaxHistoria y crítica939820 4aLiteratura modernaxHistoria y crítica910738 4aCrítica literariazItalia9411771 aVecino, Ambrocio J.etr.941178 aBNGR 001054708MOaGRbGRcCTd2010-05-27iLF1l0o850.9 S212hp19139-10r2020-06-25w2020-06-25y4ZPréstamo en sala c18657d18657